Catálogo

LA VIDA MERECE VIVIRSE (Registro nro. 36024)

Detalles MARC
000 -LEADER
fixed length control field 00446nam a2200181 a 4500
001 - CONTROL NUMBER
control field 36024
005 - DATE AND TIME OF LATEST TRANSACTION
control field 20180714004503.0
008 - FIXED-LENGTH DATA ELEMENTS--GENERAL INFORMATION
fixed length control field 140415s1964 000 0 spa d
041 ## - LANGUAGE CODE
Language code of text/sound track or separate title spa
082 ## - DEWEY DECIMAL CLASSIFICATION NUMBER
Classification number 248.4
Item number SHE
100 1# - MAIN ENTRY--PERSONAL NAME
Personal name SHEEN, FULTON J.
245 13 - TITLE STATEMENT
Title LA VIDA MERECE VIVIRSE
250 ## - EDITION STATEMENT
Edition statement 3a ed.
260 ## - PUBLICATION, DISTRIBUTION, ETC.
Place of publication, distribution, etc. [s.l.] :
Name of publisher, distributor, etc. PLANETA,
Date of publication, distribution, etc. 1964
300 ## - PHYSICAL DESCRIPTION
Extent 378
650 14 - SUBJECT ADDED ENTRY--TOPICAL TERM
Topical term or geographic name entry element RELIGION
700 1# - ADDED ENTRY--PERSONAL NAME
Personal name ROMERO DE TEJEDA, J.
Relator term tr.
Existencias
Withdrawn status Lost status Source of classification or shelving scheme Damaged status Not for loan Collection code Home library Current library Shelving location Date acquired Source of acquisition Inventory number Total Checkouts Full call number Barcode Date last seen Date last checked out Price effective from Koha item type
    Dewey Decimal Classification     General Biblioteca Karol Wojtyla Biblioteca Karol Wojtyla Sala general 03/12/2013 Compra 151000000000000000056526 1 248.4 SHE 54327 05/01/2026 25/10/2023 03/12/2013 Libro